| 000 | 01835nam a22003614a 4500 | ||
|---|---|---|---|
| 001 | ebr10372254 | ||
| 003 | CaPaEBR | ||
| 006 | m u | ||
| 007 | cr cn||||||||| | ||
| 008 | 080627s2009 mdua sb 001 0 eng | ||
| 010 | _z 2008028728 | ||
| 016 | 7 |
_z101477662 _2DNLM |
|
| 020 | _z9780801892455 (hardcover : alk. paper) | ||
| 020 | _z0801892457 (pbk. : alk. paper) | ||
| 020 | _z40016778119 | ||
| 040 |
_aCaPaEBR _cCaPaEBR |
||
| 035 | _a(OCoLC)593325455 | ||
| 043 | _an-us--- | ||
| 050 | 1 | 4 |
_aQP263 _b.F74 2009eb |
| 082 | 0 | 4 |
_a612.6/62 _222 |
| 100 | 1 |
_aFreidenfelds, Lara, _d1972- |
|
| 245 | 1 | 4 |
_aThe modern period _h[electronic resource] : _bmenstruation in twentieth-century America / _cLara Freidenfelds. |
| 260 |
_aBaltimore : _bJohns Hopkins University Press, _c2009. |
||
| 300 |
_a242 p. : _bill. |
||
| 504 | _aIncludes bibliographical references (p. [211]-235) and index. | ||
| 505 | 0 | _aBefore "modern" menstrual management : keeping secrets, wearing diapers, avoiding chills -- The modern way to talk about menstruation : education, the scientific narrative, and public discussion -- The modern way to behave while menstruating : changing health beliefs and practices -- The modern way to manage menstruation : technology and bodily practices -- Tampons : a case study in controversy. | |
| 533 |
_aElectronic reproduction. _bPalo Alto, Calif. : _cebrary, _d2013. _nAvailable via World Wide Web. _nAccess may be limited to ebrary affiliated libraries. |
||
| 650 | 0 |
_aMenstruation _zUnited States _xHistory _y20th century. |
|
| 650 | 0 |
_aFeminine hygiene products _zUnited States _xHistory _y20th century. |
|
| 655 | 7 |
_aElectronic books. _2local |
|
| 710 | 2 | _aebrary, Inc. | |
| 856 | 4 | 0 |
_uhttp://site.ebrary.com/lib/rucke/Doc?id=10372254 _zAn electronic book accessible through the World Wide Web; click to view |
| 999 |
_c98664 _d98664 |
||